[Event "PRO League Group Stage"]
[Site "chess.com INT"]
[Date "2020.01.30"]
[Round "4"]
[White "Klekowski, Maciej"]
[Black "Herrera Reyes, Jose Antonio"]
[Result "0-1"]
[WhiteTitle "IM"]
[BlackTitle "FM"]
[WhiteElo "2515"]
[BlackElo "2304"]
[WhiteTeam "Poland Hussars"]
[BlackTeam "Spain Raptors"]
[WhiteFideId "1132717"]
[BlackFideId "2274914"]
[EventDate "2020.01.06"]

1. c4 c5 2. Nc3 b6 3. e4 Bb7 4. g3 e6 5. Bg2 h5 6. h4 Nf6 7. Nge2 a6 8. O-O Qc7
9. d3 d6 10. a3 Nbd7 11. b4 Be7 12. Bf4 Ng4 13. bxc5 bxc5 14. Rb1 Bc6 15. Qd2
Nde5 16. f3 Nf6 17. Rb2 Rb8 18. Rxb8+ Qxb8 19. Rb1 Qd8 20. Qc2 O-O 21. Bg5 d5
22. f4 Neg4 23. e5 Ne3 24. Qc1 Nfg4 25. Bxe7 Qxe7 26. cxd5 exd5 27. d4 Rc8 28.
Bf3 Qa7 29. Bxg4 Nxg4 30. Qd2 Nh6 31. Qd3 g6 32. e6 Nf5 33. exf7+ Kxf7 34. Kh2
cxd4 35. Nd1 Bb5 36. Qd2 Qe7 37. Ng1 Qe4 38. Rc1 Re8 39. Nf2 Qe3 40. Qxe3 dxe3
41. Nfh3 d4 42. Ng5+ Ke7 43. N1f3 Kd6 44. Ne5 Kd5 45. Kg2 d3 46. Kf3 d2 47. Ra1
Ba4 48. Ne4 d1=Q+ 0-1

[Event "PRO League Group Stage"]
[Site "chess.com INT"]
[Date "2020.01.30"]
[Round "4"]
[White "Kollars, Dmitrij"]
[Black "Shirov, Alexei"]
[Result "1/2-1/2"]
[WhiteTitle "GM"]
[BlackTitle "GM"]
[WhiteElo "2592"]
[BlackElo "2677"]
[WhiteTeam "Germany Bears"]
[BlackTeam "Sweden Wasabis"]
[WhiteFideId "12909572"]
[BlackFideId "2209390"]
[EventDate "2020.01.06"]

1. e4 c5 2. Nf3 Nc6 3. Bb5 g6 4. O-O Bg7 5. c3 Nf6 6. Re1 O-O 7. d4 d5 8. e5 Ne4
9. Be3 cxd4 10. cxd4 Qb6 11. Bxc6 Qxc6 12. Nfd2 Nxd2 13. Qxd2 f6 14. Nc3 fxe5
15. dxe5 e6 16. Rac1 Qa6 17. Bh6 Bxh6 18. Qxh6 Qb6 19. Qd2 Bd7 20. Nd1 Rf7 21.
Ne3 h5 22. Kh1 Raf8 23. f3 Bc6 24. Nc2 Rf4 25. Rcd1 Qxb2 26. Qd3 Kh7 27. Nd4 Bd7
28. Rd2 Qb6 29. g3 Rxd4 30. Qxd4 Rxf3 31. Qxb6 axb6 32. Kg1 Bc6 33. Rf2 Ra3 34.
Rf6 Rxa2 35. Rxe6 d4 36. Rd6 Rg2+ 37. Kf1 Rxh2 38. e6 Rh1+ 39. Kf2 Rxe1 40. Kxe1
Kg7 41. Kd2 g5 42. e7 Kf7 43. Rh6 h4 44. gxh4 gxh4 45. Rh7+ Kf6 46. Kd3 h3 47.
Kxd4 h2 48. Rxh2 Kxe7 1/2-1/2

[Event "PRO League Group Stage"]
[Site "chess.com INT"]
[Date "2020.01.30"]
[Round "4"]
[White "Braun, Arik"]
[Black "Amin, Bassem"]
[Result "0-1"]
[WhiteTitle "GM"]
[BlackTitle "GM"]
[WhiteElo "2605"]
[BlackElo "2673"]
[WhiteTeam "Germany Bears"]
[BlackTeam "Sweden Wasabis"]
[WhiteFideId "4663527"]
[BlackFideId "10601457"]
[EventDate "2020.01.06"]

1. d4 Nf6 2. c4 g6 3. Nf3 Bg7 4. e3 O-O 5. Be2 d6 6. Nc3 Nbd7 7. O-O e5 8. Qc2
Re8 9. Rd1 c6 10. h3 e4 11. Nd2 Qe7 12. b4 h5 13. a4 Nf8 14. b5 Bf5 15. a5 a6
16. bxc6 bxc6 17. Nb3 N8h7 18. Ba3 Ng5 19. Bf1 Qd7 20. Kh2 Rab8 21. Rab1 Bf8 22.
Na4 Bxh3 23. d5 Qg4 24. Nd4 Rxb1 25. Rxb1 c5 26. gxh3 Qh4 27. f4 exf3 28. Ne6
Ng4+ 29. Kh1 Nxh3 0-1

[Event "PRO League Group Stage"]
[Site "chess.com INT"]
[Date "2020.01.30"]
[Round "4"]
[White "Grandelius, Nils"]
[Black "Meier, Georg"]
[Result "1-0"]
[WhiteTitle "GM"]
[BlackTitle "GM"]
[WhiteElo "2673"]
[BlackElo "2629"]
[WhiteTeam "Sweden Wasabis"]
[BlackTeam "Germany Bears"]
[WhiteFideId "1710400"]
[BlackFideId "4675789"]
[EventDate "2020.01.06"]

1. Nf3 d5 2. g3 Bg4 3. Bg2 e6 4. O-O Nf6 5. h3 Bh5 6. c4 c6 7. d4 Be7 8. cxd5
cxd5 9. Qb3 Bxf3 10. Bxf3 Qd7 11. Nc3 Nc6 12. e3 O-O 13. Bd2 Na5 14. Qa4 Qxa4
15. Nxa4 Nc4 16. Bc3 Rfc8 17. Rfc1 Rc6 18. Nc5 b6 19. Nd3 Rac8 20. Be1 Ne4 21.
Bd1 f5 22. Ba4 R6c7 23. Bb5 a5 24. Kf1 Ned6 25. Ba4 g5 26. Ke2 h5 27. Bd1 Ne4
28. Rc2 Ncd6 29. Rac1 Rxc2+ 30. Rxc2 Rxc2+ 31. Bxc2 Nf7 32. Ba4 Nf6 33. h4 gxh4
34. gxh4 Bd6 35. f3 Kf8 36. b4 axb4 37. Nxb4 f4 38. exf4 Bxf4 39. Bc2 Nd6 40.
Nd3 Bh6 41. Bb4 Ne8 42. Ba4 Kf7 43. Ne5+ Kf6 44. Nd7+ Kf7 45. Ne5+ Kf6 46. Bxe8
Nxe8 47. Nd7+ Kf7 48. Nxb6 Ng7 49. a4 Nf5 50. Bc5 Nxh4 51. a5 Bf4 52. a6 Bb8 53.
Nd7 1-0

[Event "PRO League Group Stage"]
[Site "chess.com INT"]
[Date "2020.01.30"]
[Round "4"]
[White "Blomqvist, Erik"]
[Black "Korobov, Anton"]
[Result "0-1"]
[WhiteTitle "GM"]
[BlackTitle "GM"]
[WhiteElo "2539"]
[BlackElo "2685"]
[WhiteTeam "Sweden Wasabis"]
[BlackTeam "Germany Bears"]
[WhiteFideId "1709437"]
[BlackFideId "14105730"]
[EventDate "2020.01.06"]

1. e4 c5 2. Nf3 d6 3. Bb5+ Bd7 4. Bxd7+ Nxd7 5. O-O Ngf6 6. Re1 Qc7 7. c3 Rc8 8.
d4 cxd4 9. cxd4 Nxe4 10. Bf4 Ndf6 11. Na3 Qd7 12. Qd3 Qf5 13. Rac1 Rc6 14. d5
Rxc1 15. Bxc1 g6 16. Nb5 Bg7 17. Nxa7 O-O 18. Nb5 Rc8 19. h3 Qxd5 20. Qxd5 Nxd5
21. Bd2 Nxd2 22. Nxd2 Bxb2 23. Rb1 Rc2 24. Nf3 f5 25. Ne1 Rc1 26. Rxb2 Rxe1+ 27.
Kh2 Kf7 28. Nd4 b6 29. Nf3 Rd1 30. Ng5+ Kg7 31. Re2 e5 32. Rb2 h6 33. Ne6+ Kf6
34. Nf8 e4 35. Nd7+ Ke6 36. Nxb6 Nxb6 37. Rxb6 Rd2 38. Kg3 g5 39. a4 f4+ 40. Kg4
Rxf2 41. a5 Rxg2+ 42. Kh5 Ra2 43. a6 f3 0-1

[Event "PRO League Group Stage"]
[Site "chess.com INT"]
[Date "2020.01.30"]
[Round "4"]
[White "Shirov, Alexei"]
[Black "Braun, Arik"]
[Result "1/2-1/2"]
[WhiteTitle "GM"]
[BlackTitle "GM"]
[WhiteElo "2677"]
[BlackElo "2605"]
[WhiteTeam "Sweden Wasabis"]
[BlackTeam "Germany Bears"]
[WhiteFideId "2209390"]
[BlackFideId "4663527"]
[EventDate "2020.01.06"]

1. e4 c6 2. d4 d5 3. e5 Bf5 4. Nf3 e6 5. Be2 Ne7 6. O-O Ng6 7. h3 h5 8. Bg5 f6
9. exf6 gxf6 10. Be3 Nd7 11. Bd3 Bxd3 12. Qxd3 Rg8 13. c4 Nb6 14. b3 Qe7 15. Nc3
Qg7 16. g3 O-O-O 17. a4 h4 18. a5 Nd7 19. cxd5 hxg3 20. dxc6 Nde5 21. Nxe5 Nxe5
22. Qe4 Nxc6 23. Qxe6+ Kb8 24. Bf4+ Ka8 25. fxg3 Nxd4 26. Qc4 Bd6 27. Qxd4 Bxf4
28. Qxf4 Qxg3+ 29. Qxg3 Rxg3+ 30. Kh2 Rxc3 31. Rxf6 a6 32. Raf1 Ka7 33. R1f3 Rc5
34. R6f5 Rc2+ 35. Kg3 Rg8+ 36. Kf4 Rh2 37. Rf7 Rh8 38. Kg4 Rg8+ 39. Kf5 Rh8 40.
Kg4 Rg8+ 41. Kf5 Rh8 42. Kg4 1/2-1/2

[Event "PRO League Group Stage"]
[Site "chess.com INT"]
[Date "2020.01.30"]
[Round "4"]
[White "Amin, Bassem"]
[Black "Kollars, Dmitrij"]
[Result "1-0"]
[WhiteTitle "GM"]
[BlackTitle "GM"]
[WhiteElo "2673"]
[BlackElo "2592"]
[WhiteTeam "Sweden Wasabis"]
[BlackTeam "Germany Bears"]
[WhiteFideId "10601457"]
[BlackFideId "12909572"]
[EventDate "2020.01.06"]

1. Nf3 d5 2. g3 Bg4 3. Bg2 Nd7 4. O-O Ngf6 5. d3 e5 6. Nbd2 Bd6 7. e4 c6 8. h3
Bh5 9. exd5 cxd5 10. c4 O-O 11. cxd5 Nxd5 12. Qb3 N5b6 13. Ne4 Be7 14. a4 a5 15.
Be3 Bb4 16. d4 exd4 17. Nxd4 Bg6 18. Nb5 Qe7 19. Bg5 Qe5 20. Bf4 Qe7 21. Bd6
Bxd6 22. Nexd6 Nc5 23. Qa3 Nd3 24. Rad1 Qe2 25. Nd4 Qe5 26. Nf3 Qf6 27. Rxd3
Bxd3 28. Qxd3 Rad8 29. Rd1 Nxa4 30. Qa3 b5 31. Rd4 b4 32. Qxa4 Rxd6 33. Rxd6
Qxd6 34. Qxa5 Qd1+ 35. Kh2 b3 36. Qc3 Qc2 37. Qd4 h6 38. Ne5 Qf5 39. Bd5 Qf6 40.
Bxb3 Kh7 41. Qf4 Qxf4 42. gxf4 Rb8 43. Bc2+ Kg8 44. b3 f6 45. Nc4 Kf7 46. f5 Rd8
47. Kg3 Rd4 48. Ne3 Ke7 49. Bd1 Kd6 50. Be2 Kc5 51. Bc4 Re4 52. Be6 Rd4 53. Ng2
Rd3+ 54. Kg4 Rd4+ 55. Kf3 Kd6 56. Nf4 Rd1 57. Kg2 Rd4 58. Nh5 g6 59. Ng3 Rb4 60.
Bc4 gxf5 61. Nxf5+ Ke5 62. Nxh6 f5 63. Nf7+ Kf6 64. f4 Rb8 65. Ne5 Rd8 66. Kg3
Rd1 67. Nf3 Rb1 68. h4 Kg6 69. Ne5+ Kf6 70. h5 Rh1 71. Bf7 Rg1+ 72. Kf2 Rh1 73.
Bg6 Rb1 74. Bf7 Rh1 75. Ke3 Rb1 76. Bc4 Rh1 77. Be2 Rh3+ 78. Bf3 Rh2 79. b4 Rb2
80. Nd3 Rb3 81. Kd4 Rb1 82. Kc4 Rf1 83. Bd5 Ke7 84. Kc5 Rd1 85. Bc4 Rh1 86. b5
Rxh5 87. b6 Rh8 88. b7 Kd7 89. Kb6 Rb8 90. Nc5+ Kd6 91. Na6 1-0

[Event "PRO League Group Stage"]
[Site "chess.com INT"]
[Date "2020.01.30"]
[Round "4"]
[White "Korobov, Anton"]
[Black "Grandelius, Nils"]
[Result "1/2-1/2"]
[WhiteTitle "GM"]
[BlackTitle "GM"]
[WhiteElo "2685"]
[BlackElo "2673"]
[WhiteTeam "Germany Bears"]
[BlackTeam "Sweden Wasabis"]
[WhiteFideId "14105730"]
[BlackFideId "1710400"]
[EventDate "2020.01.06"]

1. d4 Nf6 2. c4 g6 3. Nc3 d5 4. cxd5 Nxd5 5. e4 Nxc3 6. bxc3 Bg7 7. Bc4 c5 8.
Ne2 Nc6 9. Be3 O-O 10. O-O Bg4 11. f3 Bd7 12. Qd2 Qa5 13. Qb2 b5 14. Bd5 cxd4
15. cxd4 Rac8 16. a3 Rfd8 17. Rfc1 Qb6 18. Bf2 Na5 19. Ba2 Nc4 20. Bxc4 Rxc4 21.
Rxc4 bxc4 22. Qb4 e6 23. Rc1 Bf8 24. Qc3 Qb3 25. Qxc4 Qxc4 26. Rxc4 Bxa3 27. Rc7
Bb5 28. Rxa7 Bf8 29. Nc3 Rc8 30. Nxb5 Rc1+ 31. Be1 Rxe1+ 32. Kf2 Rb1 33. Rb7
Rb2+ 34. Kg3 Bb4 35. e5 Bc3 36. Nd6 Rxb7 37. Nxb7 Bxd4 38. Kf4 h5 39. Ke4 Bg1
40. h3 Kg7 41. g4 hxg4 42. fxg4 f5+ 43. exf6+ Kxf6 44. Nd6 Bh2 45. Nc4 Kg5 46.
Kf3 Bc7 47. Nd2 Kh4 48. Kg2 Kg5 49. Ne4+ Kf4 50. Nc5 Ke5 51. Kf3 Kf6 52. Ne4+
Ke5 53. h4 Ba5 54. g5 Bd8 55. Nd2 Kf5 56. Nc4 e5 57. Nd6+ Ke6 58. Ne4 Kf5 59.
Ng3+ Ke6 60. Kg4 Ba5 61. Ne4 Kf7 62. h5 gxh5+ 63. Kxh5 Bd8 64. g6+ Kg7 65. Nd6
e4 66. Nf5+ Kg8 67. g7 Bf6 68. Kg6 Bxg7 69. Ne3 Bd4 70. Kf5 Bxe3 71. Kxe4 1/2-1/2

[Event "PRO League Group Stage"]
[Site "chess.com INT"]
[Date "2020.01.30"]
[Round "4"]
[White "Meier, Georg"]
[Black "Blomqvist, Erik"]
[Result "1-0"]
[WhiteTitle "GM"]
[BlackTitle "GM"]
[WhiteElo "2629"]
[BlackElo "2539"]
[WhiteTeam "Germany Bears"]
[BlackTeam "Sweden Wasabis"]
[WhiteFideId "4675789"]
[BlackFideId "1709437"]
[EventDate "2020.01.06"]

1. Nf3 c5 2. c4 Nf6 3. b3 e6 4. Bb2 Be7 5. g3 b6 6. Bg2 Bb7 7. O-O O-O 8. Nc3 d5
9. cxd5 Nxd5 10. Qc2 Nd7 11. Rac1 Rc8 12. Rfd1 Qc7 13. Qb1 Qb8 14. Qa1 Bf6 15.
a3 Rfd8 16. d3 Nxc3 17. Bxc3 a5 18. Qb2 b5 19. Nd2 Bxg2 20. Kxg2 a4 21. Ne4 Bxc3
22. Nxc3 axb3 23. Qxb3 b4 24. Ne4 Qa8 25. axb4 cxb4 26. f3 Rxc1 27. Rxc1 Qa3 28.
Rb1 Qxb3 29. Rxb3 Rb8 30. Kf2 f5 31. Nd2 Nc5 32. Rb1 Kf7 33. Rc1 Na4 34. Rc7+
Kf6 35. Nb3 Nc3 36. f4 Nd5 37. Rc6 Ke7 38. Ra6 Rc8 39. Nd4 Kd7 40. Ra7+ Kd6 41.
Rxg7 Rc1 42. Rb7 Rb1 43. h3 Rb2 44. Kf3 Nc3 45. g4 Kd5 46. Rd7+ Kc5 47. Nxe6+
Kc6 48. Rd8 Nxe2 49. gxf5 Ng1+ 50. Kg4 Rg2+ 51. Kh5 Nf3 52. f6 Rg3 53. f7 Rxh3+
54. Kg4 1-0

[Event "PRO League Group Stage"]
[Site "chess.com INT"]
[Date "2020.01.30"]
[Round "4"]
[White "Meier, Georg"]
[Black "Shirov, Alexei"]
[Result "1/2-1/2"]
[WhiteTitle "GM"]
[BlackTitle "GM"]
[WhiteElo "2629"]
[BlackElo "2677"]
[WhiteTeam "Germany Bears"]
[BlackTeam "Sweden Wasabis"]
[WhiteFideId "4675789"]
[BlackFideId "2209390"]
[EventDate "2020.01.06"]

1. Nf3 d5 2. g3 g6 3. d4 Nf6 4. Bg2 Bg7 5. c4 c6 6. cxd5 cxd5 7. Nc3 O-O 8. Ne5
e6 9. O-O Nfd7 10. Nf3 Nc6 11. Bf4 Qb6 12. Na4 Qb5 13. b3 Nb6 14. Nb2 Qa5 15.
Bd2 Qa3 16. Bc3 a5 17. Nd3 Nd7 18. Bb2 Qd6 19. a4 Re8 20. Ba3 Qb8 21. e3 b5 22.
Rc1 Ra6 23. axb5 Qxb5 24. Re1 Rb6 25. Nc5 Nxc5 26. Bxc5 Rb8 27. Rc3 Bd7 28. Qd2
Rec8 29. Ra1 Ra8 30. h4 Nb4 31. Bf1 Qb7 32. Ne5 Be8 33. Nd3 Nxd3 34. Bxd3 a4 35.
bxa4 1/2-1/2

[Event "PRO League Group Stage"]
[Site "chess.com INT"]
[Date "2020.01.30"]
[Round "4"]
[White "Korobov, Anton"]
[Black "Amin, Bassem"]
[Result "1-0"]
[WhiteTitle "GM"]
[BlackTitle "GM"]
[WhiteElo "2685"]
[BlackElo "2673"]
[WhiteTeam "Germany Bears"]
[BlackTeam "Sweden Wasabis"]
[WhiteFideId "14105730"]
[BlackFideId "10601457"]
[EventDate "2020.01.06"]

1. d4 Nf6 2. c4 g6 3. Nc3 Bg7 4. e4 d6 5. f3 O-O 6. Nge2 c5 7. d5 e6 8. Ng3 exd5
9. cxd5 a6 10. a4 h5 11. Bg5 Qb6 12. Qd2 Nh7 13. Bh4 Nd7 14. Be2 Re8 15. Nf1 Ne5
16. Ne3 Qb4 17. O-O Bd7 18. Kh1 b5 19. f4 Qd4 20. Qc1 b4 21. Nc2 Nd3 22. Qb1 Qc4
23. Rf3 bxc3 24. Bxd3 Qb3 25. bxc3 Qxb1+ 26. Rxb1 c4 27. Bxc4 Rxe4 28. Bd3 Rxa4
29. c4 a5 30. h3 Ra2 31. Rb7 Ba4 32. Ne3 Ra1+ 33. Kh2 Be8 34. c5 dxc5 35. d6 Bc6
36. Rc7 Bxf3 37. d7 Nf8 38. Rc8 Bh6 39. Rxa8 Bxa8 40. d8=Q Bxf4+ 41. Bg3 Bxe3
42. Bd6 Bh6 43. Qxa8 Rd1 44. Qf3 Rd2 45. Bc4 Ne6 46. Bxe6 fxe6 47. Qa8+ Kh7 48.
Qb7+ 1-0

[Event "PRO League Group Stage"]
[Site "chess.com INT"]
[Date "2020.01.30"]
[Round "4"]
[White "Grandelius, Nils"]
[Black "Kollars, Dmitrij"]
[Result "1-0"]
[WhiteTitle "GM"]
[BlackTitle "GM"]
[WhiteElo "2673"]
[BlackElo "2592"]
[WhiteTeam "Sweden Wasabis"]
[BlackTeam "Germany Bears"]
[WhiteFideId "1710400"]
[BlackFideId "12909572"]
[EventDate "2020.01.06"]

1. Nf3 Nf6 2. g3 g6 3. c4 Bg7 4. Nc3 O-O 5. Bg2 Nc6 6. O-O d5 7. cxd5 Nxd5 8. d4
e5 9. Bg5 f6 10. Nxd5 fxg5 11. Nxe5 Nxe5 12. dxe5 c6 13. Nf6+ Bxf6 14. exf6 Qxf6
15. Qb3+ Rf7 16. Rad1 Be6 17. Qa3 Qe5 18. Rd2 a5 19. Rd3 Bf5 20. Re3 Qd4 21. h3
Qb4 22. g4 Qxa3 23. Rxa3 Be6 24. Rc1 Rd8 25. Rxa5 Rd2 26. Re5 Bxa2 27. b4 Rb2
28. Re4 Kg7 29. Rc5 Bd5 30. Re3 Rb1+ 31. Bf1 Rxb4 32. f3 Rb1 33. Kf2 b6 34. Rc2
b5 35. Re5 Rb3 36. Rxg5 Kf6 37. f4 Re7 38. Bg2 Bc4 39. Rc5 Re6 40. h4 Ke7 41.
Rxc6 Rxc6 42. Bxc6 Kd6 43. Bf3 Kc5 44. f5 gxf5 45. gxf5 1-0

[Event "PRO League Group Stage"]
[Site "chess.com INT"]
[Date "2020.01.30"]
[Round "4"]
[White "Blomqvist, Erik"]
[Black "Braun, Arik"]
[Result "0-1"]
[WhiteTitle "GM"]
[BlackTitle "GM"]
[WhiteElo "2539"]
[BlackElo "2605"]
[WhiteTeam "Sweden Wasabis"]
[BlackTeam "Germany Bears"]
[WhiteFideId "1709437"]
[BlackFideId "4663527"]
[EventDate "2020.01.06"]

1. e4 c6 2. d4 d5 3. exd5 cxd5 4. Bd3 Nc6 5. c3 Nf6 6. Bf4 Bg4 7. Qb3 Na5 8.
Qa4+ Bd7 9. Qc2 Qb6 10. Nf3 Bb5 11. Ne5 Bxd3 12. Nxd3 e6 13. O-O Be7 14. Nd2 O-O
15. Rae1 Rac8 16. Bg5 Qxd4 17. Be3 Qg4 18. Bxa7 Nc6 19. Bc5 Rfe8 20. Bxe7 Rxe7
21. Nf3 Qf5 22. Qd1 e5 23. Nc1 h5 24. h3 Rd8 25. Re2 Rd6 26. Rfe1 e4 27. Nd4
Nxd4 28. Qxd4 Nd7 29. f3 Rde6 30. fxe4 dxe4 31. Nb3 Qg6 32. Nc5 Nxc5 33. Qxc5 f5
34. Rf2 Re5 35. Qe3 Qf6 36. Rd1 g5 37. g3 h4 38. gxh4 f4 39. Kh1 Qf5 40. Qb6
Qxh3+ 41. Kg1 Qg4+ 42. Kh2 Qxh4+ 43. Kg2 Qg4+ 0-1

[Event "PRO League Group Stage"]
[Site "chess.com INT"]
[Date "2020.01.30"]
[Round "4"]
[White "Shirov, Alexei"]
[Black "Korobov, Anton"]
[Result "0-1"]
[WhiteTitle "GM"]
[BlackTitle "GM"]
[WhiteElo "2677"]
[BlackElo "2685"]
[WhiteTeam "Sweden Wasabis"]
[BlackTeam "Germany Bears"]
[WhiteFideId "2209390"]
[BlackFideId "14105730"]
[EventDate "2020.01.06"]

1. e4 c5 2. Nf3 d6 3. d4 cxd4 4. Nxd4 Nf6 5. Nc3 a6 6. h3 e5 7. Nb3 Be7 8. g4 h6
9. Be3 Be6 10. Qe2 Nbd7 11. f4 Rc8 12. O-O-O Rxc3 13. bxc3 Nxe4 14. Qd3 exf4 15.
Qxe4 fxe3 16. Kb1 Qb6 17. Bg2 d5 18. Qd4 Bf6 19. Qxb6 Nxb6 20. Rhe1 Na4 21. Rd3
Nxc3+ 22. Kc1 Nxa2+ 23. Kb1 Nc3+ 24. Kc1 Ne4 25. Kb1 Bg5 26. Bxe4 dxe4 27. Rd4
O-O 28. Nc5 Rc8 29. Nxe4 Bd8 30. Rd3 Bb6 31. Nd6 Rc7 32. Nf5 Bxf5 33. gxf5 Re7
34. c3 Bc5 35. Rd5 b6 36. Kc2 a5 37. Kd3 a4 38. Re2 a3 39. Rg2 Kh7 40. c4 e2 41.
Rxe2 Rxe2 42. Kxe2 a2 0-1

[Event "PRO League Group Stage"]
[Site "chess.com INT"]
[Date "2020.01.30"]
[Round "4"]
[White "Amin, Bassem"]
[Black "Meier, Georg"]
[Result "0-1"]
[WhiteTitle "GM"]
[BlackTitle "GM"]
[WhiteElo "2673"]
[BlackElo "2629"]
[WhiteTeam "Sweden Wasabis"]
[BlackTeam "Germany Bears"]
[WhiteFideId "10601457"]
[BlackFideId "4675789"]
[EventDate "2020.01.06"]

1. e4 e6 2. Qe2 Be7 3. Nf3 d5 4. d3 Nf6 5. g3 c5 6. Bg2 Nc6 7. O-O b5 8. Re1 Bb7
9. Bf4 Qb6 10. Nbd2 h6 11. a4 a6 12. axb5 axb5 13. Rxa8+ Bxa8 14. h4 O-O 15. Nf1
dxe4 16. dxe4 Rd8 17. c3 c4 18. e5 Nd7 19. N1h2 Nc5 20. Be3 Qc7 21. Ra1 Nd3 22.
Ng4 Bf8 23. Bxh6 gxh6 24. Nf6+ Kg7 25. Qe4 Ncxe5 26. Nh5+ Kg8 27. Rxa8 Nxf3+ 28.
Bxf3 Rxa8 29. Qxa8 Qc5 30. Nf6+ Kg7 31. Ne4 Qe5 32. Qa1 Bc5 33. Kg2 Bb6 34. Qb1
f5 35. Nd2 Bxf2 36. Nf1 Bb6 37. Kh1 Qc5 38. Nh2 Qf2 39. Qf1 Qxg3 40. Qg2 Qxg2+
41. Kxg2 Nxb2 42. Bc6 Ba5 43. Bxb5 Bxc3 44. Nf3 Bf6 45. h5 c3 46. Ne1 Kf7 47.
Nc2 Ke7 48. Kf3 Kd6 49. Ke2 e5 50. Ba6 e4 51. Ne3 Ke5 52. Bc8 Bg5 53. Nc2 f4 54.
Bg4 f3+ 55. Kf2 Kf4 56. Be6 e3+ 57. Kf1 Bh4 0-1

[Event "PRO League Group Stage"]
[Site "chess.com INT"]
[Date "2020.01.30"]
[Round "4"]
[White "Braun, Arik"]
[Black "Grandelius, Nils"]
[Result "1/2-1/2"]
[WhiteTitle "GM"]
[BlackTitle "GM"]
[WhiteElo "2605"]
[BlackElo "2673"]
[WhiteTeam "Germany Bears"]
[BlackTeam "Sweden Wasabis"]
[WhiteFideId "4663527"]
[BlackFideId "1710400"]
[EventDate "2020.01.06"]

1. Nf3 c5 2. e3 Nf6 3. d4 d5 4. a3 cxd4 5. exd4 Nc6 6. Bd3 Bg4 7. c3 e6 8. h3
Bh5 9. Bf4 Bd6 10. Bxd6 Qxd6 11. Nbd2 O-O 12. O-O Rab8 13. Re1 Rfe8 14. Re3 Qc7
15. Qf1 Nd7 16. Rae1 Bg6 17. Bxg6 hxg6 18. Qe2 b5 19. b4 Ne7 20. Nb3 Nf5 21. Rd3
Nd6 22. Nc5 Nxc5 23. bxc5 Nc4 24. Ne5 Nxe5 25. Qxe5 Qxe5 26. Rxe5 a5 27. Re2 b4
28. cxb4 axb4 29. a4 b3 30. Rb2 Rb4 31. a5 Reb8 32. a6 Kf8 33. Kf1 Ke7 34. Ke2
g5 35. Ke3 Kd7 36. Kf3 f6 37. g3 Kc7 38. Re3 Kd7 39. Rd3 Kc7 40. Re3 Kd7 41. Rd3 1/2-1/2

[Event "PRO League Group Stage"]
[Site "chess.com INT"]
[Date "2020.01.30"]
[Round "4"]
[White "Kollars, Dmitrij"]
[Black "Blomqvist, Erik"]
[Result "1-0"]
[WhiteTitle "GM"]
[BlackTitle "GM"]
[WhiteElo "2592"]
[BlackElo "2539"]
[WhiteTeam "Germany Bears"]
[BlackTeam "Sweden Wasabis"]
[WhiteFideId "12909572"]
[BlackFideId "1709437"]
[EventDate "2020.01.06"]

1. e4 c5 2. Nf3 e6 3. d4 cxd4 4. Nxd4 Nc6 5. Nc3 a6 6. Nxc6 bxc6 7. Bd3 d5 8.
O-O Nf6 9. Re1 Be7 10. e5 Nd7 11. Qg4 Kf8 12. Na4 c5 13. Bd2 c4 14. Bf1 Bb7 15.
b3 h5 16. Qf4 Rc8 17. bxc4 dxc4 18. Rab1 Bc6 19. Nc3 Nb6 20. Red1 Qc7 21. h4 g6
22. Ne4 Bxe4 23. Qxe4 Nd5 24. Be1 Kg7 25. Rd4 c3 26. Bxa6 Rb8 27. Rb3 Bc5 28.
Rd1 Ne7 29. Bf1 Qa7 30. Rdb1 Nf5 31. Rb7 Rxb7 32. Rxb7 Qxa2 33. Bc4 Qa4 34.
Rxf7+ 1-0

[Event "PRO League Group Stage"]
[Site "chess.com INT"]
[Date "2020.02.03"]
[Round "5"]
[White "Saric, Ivan"]
[Black "Dominguez Perez, Leinier"]
[Result "0-1"]
[WhiteTitle "GM"]
[BlackTitle "GM"]
[WhiteElo "2655"]
[BlackElo "2758"]
[WhiteTeam "Canada Chessbrahs"]
[BlackTeam "Saint Louis Arch Bishops"]
[WhiteFideId "14508150"]
[BlackFideId "3503240"]
[EventDate "2020.01.06"]

1. e4 c5 2. Nf3 d6 3. d4 cxd4 4. Nxd4 Nf6 5. Nc3 a6 6. h3 e5 7. Nde2 h5 8. g3
Be6 9. Bg2 b5 10. O-O Be7 11. Be3 Nbd7 12. Nd5 Nxd5 13. exd5 Bf5 14. f4 Bh7 15.
fxe5 Nxe5 16. Nd4 Bg5 17. Bf2 Bg6 18. Nc6 Qd7 19. Re1 O-O 20. Bd4 f6 21. h4 Bh6
22. a4 Rfe8 23. axb5 axb5 24. Rxa8 Rxa8 25. Qe2 Re8 26. Bxe5 fxe5 27. Be4 Bxe4
28. Qxe4 Rf8 29. Rf1 Rxf1+ 30. Kxf1 Qh3+ 31. Kf2 Qh2+ 32. Qg2 Be3+ 33. Kf1 Qxg2+
34. Kxg2 e4 35. Kf1 Kf7 36. Ke2 Bb6 37. Nb8 Ba7 38. Nc6 Bb6 39. Nb8 Kg6 40. Nd7
Ba7 41. Nf8+ Kf6 42. Ne6 Bb6 43. c3 g6 44. b3 Ke5 45. c4 bxc4 46. bxc4 Kf5 47.
Nf4 Bd4 48. Ng2 Kg4 49. Nf4 Kxg3 50. Nxg6 Bc5 51. Nf8 Kxh4 52. Ne6 Bb6 53. c5
dxc5 54. Ke3 Kg4 55. Kxe4 h4 56. Nf4 Bc7 57. Nd3 h3 58. Nf2+ Kg3 59. Nh1+ Kg2 0-1

[Event "PRO League Group Stage"]
[Site "chess.com INT"]
[Date "2020.02.03"]
[Round "5"]
[White "Firouzja, Alireza"]
[Black "Le, Quang Liem"]
[Result "1/2-1/2"]
[WhiteTitle "GM"]
[BlackTitle "GM"]
[WhiteElo "2723"]
[BlackElo "2713"]
[WhiteTeam "Canada Chessbrahs"]
[BlackTeam "Saint Louis Arch Bishops"]
[WhiteFideId "12573981"]
[BlackFideId "12401137"]
[EventDate "2020.01.06"]

1. e4 e5 2. Nf3 Nc6 3. Bb5 Nf6 4. O-O Nxe4 5. d4 Nd6 6. Bxc6 dxc6 7. dxe5 Nf5 8.
Qxd8+ Kxd8 9. h3 Ke8 10. Nc3 h5 11. Ne2 b6 12. Re1 c5 13. Nf4 Bb7 14. Ng5 Nd4
15. e6 f6 16. e7 Nxc2 17. exf8=Q+ Kxf8 18. Ng6+ Kg8 19. Ne7+ Kf8 20. Ng6+ Kg8
21. Ne7+ Kf8 22. Ng6+ 1/2-1/2